|
|
|
|
| LEADER |
00745nab a2200217 i 4500 |
| 001 |
publ21470 |
| 005 |
20210526090452.0 |
| 008 |
210526s2021 hu o 0|| zxx d |
| 022 |
|
|
|a 1786-2434
|
| 024 |
7 |
|
|a 10.24365/ef.v62i2.5999
|2 doi
|
| 024 |
7 |
|
|a 32019619
|2 mtmt
|
| 040 |
|
|
|a SZTE Publicatio Repozitórium
|b hun
|
| 041 |
|
|
|a zxx
|
| 100 |
1 |
|
|a Pukánszky Judit
|
| 245 |
1 |
0 |
|a Időskorúak mentális egészségét befolyásoló tényezők
|h [elektronikus dokumentum] /
|c Pukánszky Judit
|
| 260 |
|
|
|c 2021
|
| 300 |
|
|
|a 3-12
|
| 490 |
0 |
|
|a EGÉSZSÉGFEJLESZTÉS
|v 62 No. 2
|
| 700 |
0 |
1 |
|a Szabó Csanád
|e aut
|
| 700 |
0 |
1 |
|a Lantos Katalin
|e aut
|
| 856 |
4 |
0 |
|u http://publicatio.bibl.u-szeged.hu/21470/1/5999-Cikkszovege-25822-1-10-20210511.pdf
|z Dokumentum-elérés
|